Dutsch and flemish painters (Record no. 5120)

MARC details
000 -CABECERA
campo de control de longitud fija 00986nam a2200277 a 4500
001 - NÚMERO DE CONTROL
campo de control BRCA_5426
005 - FECHA Y HORA DE LA ÚLTIMA TRANSACCIÓN
campo de control 20190320205055.0
008 - DATOS DE LONGITUD FIJA--INFORMACIÓN GENERAL
campo de control de longitud fija 131210s1936----u--a######---#000-0#eng-#
041 ## - CÓDIGO DE LENGUA
Código de lengua del texto/banda sonora o título independiente eng
044 ## - CÓDIGO DEL PAÍS DE LA ENTIDAD EDITORA/PRODUCTORA
Código MARC del país u
050 #4 - SIGNATURA TOPOGRÁFICA DE LA BIBLIOTECA DEL CONGRESO
Número de clasificación ND635
Número de documento/Ítem .M36 1936
100 1# - ENTRADA PRINCIPAL--NOMBRE DE PERSONA
Nombre de persona Mander, Carel van
9 (RLIN) 13860
245 10 - MENCIÓN DE TÍTULO
Título Dutsch and flemish painters
Mención de responsabilidad, etc. Carel van Mander ; translation from the Shilderboeck and introductory by Constant van de Wall.
260 ## - PUBLICACIÓN, DISTRIBUCIÓN, ETC.
Lugar de publicación, distribución, etc. Estados Unidos
Nombre del editor, distribuidor, etc. McFarlne, Warde, McFarlane
Fecha de publicación, distribución, etc. 1936
300 ## - DESCRIPCIÓN FÍSICA
Extensión lxix, 560 p.
Dimensiones 24 cm.
500 ## - NOTA GENERAL
Nota general La 1a edición del ´Schilderboeck´ fue impresa en 1604 en Alkmaar y publicada en Haarleem
500 ## - NOTA GENERAL
Nota general Con Ex-libris de: H H Behrens
500 ## - NOTA GENERAL
Nota general Incluye referencias bibliográficas, índice alfabético y apéndices
500 ## - NOTA GENERAL
Nota general E143
650 14 - PUNTO DE ACCESO ADICIONAL DE MATERIA--TÉRMINO DE MATERIA
Término de materia o nombre geográfico como elemento de entrada Pintores holandeses
9 (RLIN) 13861
650 14 - PUNTO DE ACCESO ADICIONAL DE MATERIA--TÉRMINO DE MATERIA
Término de materia o nombre geográfico como elemento de entrada Pintores flamencos
9 (RLIN) 7571
650 14 - PUNTO DE ACCESO ADICIONAL DE MATERIA--TÉRMINO DE MATERIA
Término de materia o nombre geográfico como elemento de entrada Pintura
Subdivisión geográfica Países Bajos
9 (RLIN) 13692
650 14 - PUNTO DE ACCESO ADICIONAL DE MATERIA--TÉRMINO DE MATERIA
Término de materia o nombre geográfico como elemento de entrada Pintura
Subdivisión general Historia
9 (RLIN) 13862
902 ## - CATALOGADOR
Iniciales GFM
942 ## - ELEMENTOS DE PUNTO DE ACCESO ADICIONAL (KOHA)
Fuente del sistema de clasificación o colocación Library of Congress Classification
Tipo de ítem Koha Libros
Holdings
Estado de retiro Estado de pérdida Estado dañado No para préstamo Localización permanente Ubicación/localización actual Fecha de adquisición Número de inventario Total de préstamos Signatura topográfica completa Código de barras Fecha visto por última vez Precio válido a partir de Tipo de ítem Koha
El ejemplar forma parte de la colección y puede ser consultado según las políticas vigentes.       Biblioteca del Museo Franz Mayer (Rogerio Casas-Alatriste) Biblioteca del Museo Franz Mayer (Rogerio Casas-Alatriste) 13/12/2010 E143   ND635 .M36 1936 (E143) 5861 22/03/2019 22/03/2019 Libros